Alternatívne prístupy zodpovedného správania v rámci udržateľnosti

Trvalo udržateľný prístup. Prístup cirkulárnej ekonomiky. Ekologické poľnohospodárstvo ohľaduplné voči životnému prostrediu. Zodpovedné nakupovanie spotrebiteľov. Pozitívne a prínosné prístupy subjektov z hľadiska zodpovedného správania v rámci udržateľnosti. Príklady podnikov v rámci cirkulárnej ek...

Ausführliche Beschreibung

Gespeichert in:
Bibliographische Detailangaben
1. Verfasser: Kissová, Jana, 1979-
Format: Buchkapitel
Sprache:Slowakisch
Schlagworte:
Tags: Tag hinzufügen
Keine Tags, Fügen Sie das erste Tag hinzu!

MARC

LEADER 00000naa a2200000 4500
001 0263817
005 20240527090237.9
041 0 |a slo 
044 |a SK 
245 1 0 |a Alternatívne prístupy zodpovedného správania v rámci udržateľnosti  |c Jana Kissová 
520 |a Trvalo udržateľný prístup. Prístup cirkulárnej ekonomiky. Ekologické poľnohospodárstvo ohľaduplné voči životnému prostrediu. Zodpovedné nakupovanie spotrebiteľov. Pozitívne a prínosné prístupy subjektov z hľadiska zodpovedného správania v rámci udržateľnosti. Príklady podnikov v rámci cirkulárnej ekonomiky. 
610 2 0 |a hospodárstvo obehové 
610 2 0 |a prostredie životné 
610 2 0 |a správanie spotrebiteľa 
610 2 0 |a rozvoj trvalo udržateľný 
610 2 0 |a poľnohospodárstvo ekologické 
100 1 |a Kissová, Jana, 1979-